|
|
|
|
| LEADER |
00000nam0a2200000 4500 |
| 001 |
294553 |
| 005 |
20231102000718.0 |
| 035 |
|
|
|a (RuTPU)RU\TPU\book\319626
|
| 090 |
|
|
|a 294553
|
| 100 |
|
|
|a 20150514d1984 km y0rusy50 ca
|
| 101 |
0 |
|
|a rus
|
| 102 |
|
|
|a RU
|
| 105 |
|
|
|a y z 000zy
|
| 200 |
1 |
|
|a Летопись трудового героизма. Краткая история социалистического соревнования в СССР
|f И. Е. Ворожейкин
|
| 205 |
|
|
|a 2-е изд., доп.
|
| 210 |
|
|
|a Москва
|c Политиздат
|d 1984
|
| 215 |
|
|
|a 336 с.
|
| 606 |
1 |
|
|a Социалистическое соревнование
|x История
|2 stltpush
|3 (RuTPU)RU\TPU\subj\36948
|9 58140
|
| 610 |
1 |
|
|a труд
|
| 610 |
1 |
|
|a герои
|
| 610 |
1 |
|
|a соревновательная деятельность
|
| 610 |
1 |
|
|a ленинские принципы
|
| 610 |
1 |
|
|a трудовое воспитание
|
| 610 |
1 |
|
|a нравственное воспитание
|
| 610 |
1 |
|
|a массово-политическая работа
|
| 610 |
1 |
|
|a 20 век
|
| 686 |
|
|
|a У9(2)243г
|v LBC/SL-A
|2 rubbk
|
| 700 |
|
1 |
|a Ворожейкин
|b И. Е.
|g Иван Егорович
|
| 801 |
|
1 |
|a RU
|b 63413507
|c 20150514
|
| 801 |
|
2 |
|a RU
|b 63413507
|c 20180427
|g RCR
|
| 942 |
|
|
|c BK
|